Religion Quiz

Random Religion or Book Quiz

Bible Book by Four Letters Quiz Stats

 Plays Quiz Updated Nov 29, 2016

Also try: Bible First Words
Challenge
Share
Tweet
Embed
Score 0/30 Timer 06:00
0 Plays Today
Letters Book % Correct
XODUExodus
99%
BREWHebrews
91.1%
SALMPsalms
88.2%
OSHUJoshua
86.7%
OMANRomans
84%
EKIEEzekiel
83.3%
UMBENumbers
82.4%
AMUE1 Samuel -or- 2 Samuel
81.4%
STHEEsther
75.8%
G OF SSong of Solomon
70.3%
NESIGenesis
68.6%
SAIAIsaiah
65.7%
IMOT1 Timothy -or- 2 Timothy
64.3%
ALATGalatians
63.8%
IPPIPhilippians
63.8%
Letters Book % Correct
VELARevelation
59%
LOSSColossians
56.8%
TTHEMatthew
55.7%
ITICLeviticus
54.4%
AGGAHaggai
52.1%
HILEPhilemon
51%
ANIEDaniel
50.6%
HESIEphesians
48.5%
RONI1 Chronicles -or- 2 Chronicles
46.4%
REMIJeremiah
43.4%
ALACMalachi
36.6%
HEMINehemiah
36.1%
RONODeuteronomy
34.7%
ENTALamentations
30.7%
OVERProverbs
30.6%

You're not logged in!

Compare scores with friends on all Sporcle quizzes.
OR
Log In

You Might Also Like...

Show Comments

Extras

Top Quizzes Today


Score Distribution

Your Account Isn't Verified!

In order to create a playlist on Sporcle, you need to verify the email address you used during registration. Go to your Sporcle Settings to finish the process.

Report this User

Report this user for behavior that violates our Community Guidelines.

Details: